000
00265nam a2200097Ia 4500
008
210107s9999 xx 000 0 und d
100
_a
Ghosh, A K
245
0
_a
Sustainable environments - A statistical analysis
260
_a
New Delhi
_b
Oxford university
942
_c
BK
999
_c
11226
_d
11226